<?xml version="1.0" encoding="UTF-8"?>
<collection xmlns="http://www.loc.gov/MARC21/slim">
 <record>
  <leader>06041nam a2200385 a 4500</leader>
  <controlfield tag="001">kal3870</controlfield>
  <controlfield tag="003">Gr-AtHEAL</controlfield>
  <controlfield tag="005">20160426122646.0</controlfield>
  <controlfield tag="006">m        d        </controlfield>
  <controlfield tag="008">160413s2015    gr      s           gre|c</controlfield>
  <datafield tag="020" ind1=" " ind2=" ">
   <subfield code="a">9789606033759</subfield>
  </datafield>
  <datafield tag="040" ind1=" " ind2=" ">
   <subfield code="a">GR-AtHEAL</subfield>
   <subfield code="b">gre</subfield>
   <subfield code="c">GR-AtHEAL</subfield>
  </datafield>
  <datafield tag="082" ind1="0" ind2="4">
   <subfield code="a">070.1</subfield>
   <subfield code="2">23</subfield>
  </datafield>
  <datafield tag="100" ind1="1" ind2=" ">
   <subfield code="a">Καρακάσης, Απόστολος.</subfield>
   <subfield code="8">1577</subfield>
  </datafield>
  <datafield tag="245" ind1="1" ind2="0">
   <subfield code="a">Εφόδιο για νέους ντοκιμαντερίστες</subfield>
   <subfield code="h">[Ηλεκτρονικός πόρος] </subfield>
   <subfield code="c">Καρακάσης, Απόστολος ; Γούσιος, Χρήστος ; Κεφάλας, Κωνσταντίνος ; Κριτικός αναγνώστης,Στεφανή, Ευανθία ; Γραφιστική επιμέλεια,Μπρέλλης, Χριστόφορος ; Τεχνική επιμέλεια,Μπρέλλης, Χριστόφορος ; Γλωσσική επιμέλεια,Παππάς, Βασίλειος.</subfield>
  </datafield>
  <datafield tag="260" ind1=" " ind2=" ">
   <subfield code="a">Αθήνα :</subfield>
   <subfield code="b">Σύνδεσμος Ελληνικών Ακαδημαϊκών Βιβλιοθηκών,</subfield>
   <subfield code="c">c2015.</subfield>
  </datafield>
  <datafield tag="490" ind1=" " ind2=" ">
   <subfield code="a">Ακαδημαϊκά Ηλεκτρονικά Συγγράμματα και Βοηθήματα Κάλλιπος</subfield>
   <subfield code="8">40</subfield>
  </datafield>
  <datafield tag="520" ind1=" " ind2=" ">
   <subfield code="a">Το ηλεκτρονικό αυτό βιβλίο αποτελεί ένα εγχειρίδιο που απευθύνεται σε νέους κινηματογραφιστές, σπουδαστές ή ερασιτέχνες και καλύπτει όλα τα στάδια της δημιουργίας ενός ντοκιμαντέρ, από τη σύλληψη της αρχικής ιδέας μέχρι την προβολή της τελικής ταινίας. Περιγράφει βήμα-βήμα τη δημιουργική διαδικασία ξεκινώντας από τη φάση της ανάπτυξης της πρότασης και την προετοιμασία, συνεχίζοντας με την παραγωγή και τα γυρίσματα και στη συνέχεια το μοντάζ και το post production, και τέλος την προώθηση της ταινίας στο κοινό. Σε κάθε στάδιο παρουσιάζεται η μεγάλη ποικιλία αισθητικών επιλογών που προσφέρονται στο σύγχρονο δημιουργό και οι διαφορετικές αφηγηματικές λειτουργίες που υπηρετούνται με κάθε μορφολογική επιλογή. Έτσι το βιβλίο καλλιεργεί έναν προβληματισμό πάνω σε βασικές αισθητικές και θεωρητικές προσεγγίσεις βοηθώντας τον νέο κινηματογραφιστή να βρει το προσωπικό του βλέμμα, το οποίο τελικά θα εκφραστεί με καθαρά τεχνικές αποφάσεις. Τα αυτοτελή, ανεξάρτητα κεφάλαια και οι συστηματικές διαιρέσεις τους, επιτρέπουν την επιλεκτική ανάγνωση, ενώ το ηλεκτρονικό βιβλίο λειτουργεί κυριολεκτικά ως εφόδιο, εφόσον ο αναγνώστης θα μπορεί να το συμβουλευτεί ακόμη και στο γύρισμα μέσω φορητής συσκευής. Η ύλη καλύπτει τις ανάγκες κυρίου συγγράμματος για 2 εργαστηριακά μαθήματα ντοκιμαντέρ στο Τμήμα Κινηματογράφου του Α.Π.Θ. (με τις αντίστοιχες ασκήσεις τους), ενώ επιμέρους κεφάλαια με βεβαιότητα αποτελούν βοήθημα για άλλα 3 μαθήματα (μοντάζ, παραγωγής και ήχου). Όπως σε ανάλογα εγχειρίδια στη διεθνή αντίστοιχη βιβλιογραφία, επιχειρούμε να υποδείξουμε μεθοδολογίες και να συστηματοποιήσουμε ένα σύνολο γνώσεων που συγκεράστηκαν από τη συλλογική εμπειρία ενός ευρύτατου δείγματος δημιουργών ντοκιμαντέρ και αποτυπώνονται σε προφορικές και γραπτές μαρτυρίες, σε διαδικτυακές πηγές, αλλά και σε προσωπικές συνεντεύξεις. Όπως είναι φυσικό η καλλιτεχνική εμπειρία των ίδιων των συγγραφέων τροφοδοτεί σημαντικά αυτή τη δεξαμενή γνώσεων δίνοντας συγχρόνως τη διάσταση της ελληνικής πραγματικότητας.</subfield>
  </datafield>
  <datafield tag="650" ind1=" " ind2="0">
   <subfield code="a">Documentary</subfield>
   <subfield code="8">2559</subfield>
  </datafield>
  <datafield tag="653" ind1=" " ind2=" ">
   <subfield code="a">Παραγωγή</subfield>
  </datafield>
  <datafield tag="653" ind1=" " ind2=" ">
   <subfield code="a">Ήχος</subfield>
  </datafield>
  <datafield tag="653" ind1=" " ind2=" ">
   <subfield code="a">Μοντάζ</subfield>
  </datafield>
  <datafield tag="653" ind1=" " ind2=" ">
   <subfield code="a">Γϋρισμα</subfield>
  </datafield>
  <datafield tag="653" ind1=" " ind2=" ">
   <subfield code="a">Πρόταση</subfield>
  </datafield>
  <datafield tag="653" ind1=" " ind2=" ">
   <subfield code="a">Ντοκιμαντέρ</subfield>
  </datafield>
  <datafield tag="653" ind1=" " ind2=" ">
   <subfield code="a">Τέχνες και γράμματα</subfield>
   <subfield code="a">Τέχνες του θεάματος</subfield>
   <subfield code="a">Κινηματογράφος</subfield>
   <subfield code="a">Ιστορία κινηματογράφου</subfield>
  </datafield>
  <datafield tag="653" ind1=" " ind2=" ">
   <subfield code="a">Τέχνες και γράμματα</subfield>
   <subfield code="a">Τέχνες του θεάματος</subfield>
   <subfield code="a">Κινηματογράφος</subfield>
  </datafield>
  <datafield tag="700" ind1="1" ind2=" ">
   <subfield code="a">Κεφάλας, Κωνσταντίνος</subfield>
   <subfield code="e">Συγγραφέας</subfield>
   <subfield code="8">1578</subfield>
  </datafield>
  <datafield tag="700" ind1="1" ind2=" ">
   <subfield code="a">Γούσιος, Χρήστος</subfield>
   <subfield code="e">Συγγραφέας</subfield>
   <subfield code="8">1579</subfield>
  </datafield>
  <datafield tag="700" ind1="1" ind2=" ">
   <subfield code="a">Στεφανή, Ευανθία</subfield>
   <subfield code="e">Κριτικός αναγνώστης</subfield>
   <subfield code="8">1580</subfield>
  </datafield>
  <datafield tag="856" ind1="4" ind2="0">
   <subfield code="u">http://hdl.handle.net/11419/3870</subfield>
   <subfield code="z">Πλήρες Κείμενο - Full text</subfield>
  </datafield>
  <datafield tag="907" ind1=" " ind2=" ">
   <subfield code="a">.b25677500</subfield>
   <subfield code="b">12-06-18</subfield>
   <subfield code="c">29-07-16</subfield>
  </datafield>
  <datafield tag="949" ind1=" " ind2=" ">
   <subfield code="0">0</subfield>
   <subfield code="1">0</subfield>
   <subfield code="2">ddc</subfield>
   <subfield code="4">0</subfield>
   <subfield code="6">070_100000000000000_ΚΑΡ</subfield>
   <subfield code="7">0</subfield>
   <subfield code="8">KALL</subfield>
   <subfield code="8">508</subfield>
   <subfield code="d">2016-04-13</subfield>
   <subfield code="r">2016-04-13</subfield>
   <subfield code="w">2016-04-13</subfield>
   <subfield code="z">070.1 ΚΑΡ</subfield>
   <subfield code="o">SEAB KALLIPOS</subfield>
  </datafield>
  <datafield tag="998" ind1=" " ind2=" ">
   <subfield code="a">80</subfield>
   <subfield code="a">01</subfield>
   <subfield code="a">02</subfield>
   <subfield code="a">03</subfield>
   <subfield code="a">04</subfield>
   <subfield code="a">05</subfield>
   <subfield code="a">06</subfield>
   <subfield code="a">07</subfield>
   <subfield code="a">08</subfield>
   <subfield code="a">09</subfield>
   <subfield code="a">10</subfield>
   <subfield code="a">11</subfield>
   <subfield code="a">12</subfield>
   <subfield code="a">13</subfield>
   <subfield code="a">14</subfield>
   <subfield code="a">15</subfield>
   <subfield code="a">16</subfield>
   <subfield code="a">17</subfield>
   <subfield code="a">18</subfield>
   <subfield code="a">19</subfield>
   <subfield code="a">20</subfield>
   <subfield code="a">21</subfield>
   <subfield code="a">22</subfield>
   <subfield code="a">23</subfield>
   <subfield code="a">24</subfield>
   <subfield code="a">25</subfield>
   <subfield code="a">26</subfield>
   <subfield code="b">10-05-17</subfield>
   <subfield code="c">m</subfield>
   <subfield code="d">z  </subfield>
   <subfield code="e">-</subfield>
   <subfield code="f">gre</subfield>
   <subfield code="g">gr </subfield>
   <subfield code="h">0</subfield>
  </datafield>
  <datafield tag="942" ind1=" " ind2=" ">
   <subfield code="2">ddc</subfield>
   <subfield code="c">KALLIPOS</subfield>
  </datafield>
 </record>
</collection>
